Normal view
MARC view
- Terrell, Katie
Entry Personal Name
001 - CONTROL NUMBER
- control field: 41419
003 - CONTROL NUMBER IDENTIFIER
- control field: OSt
005 - DATE AND TIME OF LATEST TRANSACTION
- control field: 20200130202043.0
008 - FIXED-LENGTH DATA ELEMENTS
- fixed length control field: 200130|| aca||aabn | a|a d
040 ## - CATALOGING SOURCE
- Original cataloging agency: OSt
- Transcribing agency: OSt
100 ## - HEADING--PERSONAL NAME
- Personal name: Terrell, Katie
- Relator term: Author
670 ## - SOURCE DATA FOUND
- Source citation: Work cat.: (OSt): Richardson, Vernon 41417, Data analytics for accounting/, ©2019.
